La virgen de los Sicarios / (Record no. 30578)

MARC details
000 -LEADER
fixed length control field 01132nam a2200289Ii 4500
001 - CONTROL NUMBER
control field 53966518
003 - CONTROL NUMBER IDENTIFIER
control field OCoLC
005 - DATE AND TIME OF LATEST TRANSACTION
control field 20250228075125.0
008 - FIXED-LENGTH DATA ELEMENTS--GENERAL INFORMATION
fixed length control field 031230s2002 sp 000 0 spa d
020 ## - INTERNATIONAL STANDARD BOOK NUMBER
International Standard Book Number 846630164X (pbk.)
040 ## - CATALOGING SOURCE
Original cataloging agency COV
Language of cataloging eng
Description conventions rda
Transcribing agency COV
090 ## - LOCALLY ASSIGNED LC-TYPE CALL NUMBER (OCLC); LOCAL CALL NUMBER (OCLC)
Classification number (OCLC) (R) ; Classification number, CALL (RLIN) (NR) PQ8180.32.A4277
Local cutter number (OCLC) ; Book number/undivided call number, CALL (RLIN) V57 2002
100 1# - MAIN ENTRY--PERSONAL NAME
Personal name Vallejo, Fernando.
Authority record control number https://id.loc.gov/authorities/names/n84145289.
245 13 - TITLE STATEMENT
Title La virgen de los Sicarios /
Statement of responsibility, etc. Fernando Vallejo.
250 ## - EDITION STATEMENT
Edition statement 5. ed.
264 #1 - PRODUCTION, PUBLICATION, DISTRIBUTION, MANUFACTURE, AND COPYRIGHT NOTICE
Place of production, publication, distribution, manufacture Madrid :
Name of producer, publisher, distributor, manufacturer Suma de Letras ;
Place of production, publication, distribution, manufacture Ottowa, Ontario :
Name of producer, publisher, distributor, manufacturer Girol Spanish Books,
Date of production, publication, distribution, manufacture, or copyright notice 2002.
300 ## - PHYSICAL DESCRIPTION
Extent 174 pages ;
Dimensions 18 cm.
336 ## - CONTENT TYPE
Content type term text
Content type code txt
Source rdacontent.
337 ## - MEDIA TYPE
Media type term unmediated
Media type code n
Source rdamedia.
338 ## - CARRIER TYPE
Carrier type term volume
Carrier type code nc
Source rdacarrier.
490 1# - SERIES STATEMENT
Series statement Punto de lectura ;
Volume/sequential designation 117.
650 #0 - SUBJECT ADDED ENTRY--TOPICAL TERM
Topical term or geographic name as entry element Assassins
Authority record control number https://id.loc.gov/authorities/subjects/sh85008752
Geographic subdivision Columbia
Form subdivision Fiction.
651 #0 - SUBJECT ADDED ENTRY--GEOGRAPHIC NAME
Geographic name Medell©Ưn (Colombia)
Authority record control number https://id.loc.gov/authorities/names/n79125863
Form subdivision Fiction.
Authority record control number https://id.loc.gov/authorities/subjects/sh99001562.
830 #0 - SERIES ADDED ENTRY--UNIFORM TITLE
Uniform title Punto de lectura ;
Authority record control number https://id.loc.gov/authorities/names/no2001083023
Volume number/sequential designation 117.
907 ## - LOCAL DATA ELEMENT G, LDG (RLIN)
a .b156005530
942 ## - ADDED ENTRY ELEMENTS (KOHA)
Koha item type Libro/Book
Holdings
Withdrawn status Lost status Damaged status Not for loan Home library Current library Date acquired Inventory number Total Checkouts Full call number Barcode Checked out Date last seen Date checked out Price effective from Koha item type
        San Juan Del Sur -- Biblioteca San Juan Del Sur -- Biblioteca 28/02/2025 inventory last seen Mar 2025 1 F 30026945 10/03/2025 03/03/2025 03/03/2025 28/02/2025 Libro/Book

Powered by Koha